000 00553nam a22001697a 4500
005 20250203102647.0
008 250203b |||||||| |||| 00| 0 eng d
041 _aeng
082 _a712
_bGIT
100 _aGite Kalyani
_9211181
245 _aLandscape Planning And Strategies For Developing Trail Tourism In Trimbakeshwar- Anjaneri
260 _aPune
_bBNCA-M Arch Landscape Architecture
_c28/01/2025
300 _a133P{ages
_bPb
_c29.5 x 29.5
365 _aINR
_b150.00
_cRupaye
500 _aBNCA M Arch Landscape Architecture Thesis
942 _cPR
999 _c364958
_d364958